| 000 | 00533nam a2200157Ia 4500 | ||
|---|---|---|---|
| 999 |
_c2775 _d2775 |
||
| 020 | _a1-57607-231-2 | ||
| 082 | _aRR 340.03 LEG- | ||
| 245 | 0 | _aLegal systems of the world: a political, social and cultural encyclopedia | |
| 260 |
_aCalifornia _bABC-CLIO _c2002 |
||
| 300 | _a4v. | ||
| 500 | _aContents: Vol.1.A-D(viii, 455p.) - v.2.E-L(viii, 457-930p.) - v.3.M-R(viii, 1390p.) - v.4.S-Z(viii, 1391-1883p.) | ||
| 504 | _aIncludes glossary, index | ||
| 650 | _aLaw - Encyclopedias | ||
| 700 | _aKritzer, Herbert M. | ||
| 942 |
_cBK _2ddc |
||